[Event "ch-Commonwealth"]
[Site "Mumbai"]
[Date "2004.01.15"]
[Round "6"]
[White "Fominyh, Alexander"]
[Black "Smirnov, Pavel"]
[Result "1/2-1/2"]
[WhiteElo "2559"]
[BlackElo "2609"]
[PlyCount "108"]
[EventDate "2004.01.10"]
[Source "Roberto Alvarez"]
[SourceDate "2004.01.19"]

1. c4 c5 2. Nf3 Nf6 3. Nc3 Nc6 4. d4 cxd4 5. Nxd4 e6 6. a3 Be7 7. g3 Qb6 8. e3 O-O 9. Bg2 d5 10. cxd5 Nxd5 11. Nxc6 bxc6 12. Na4 Qa6 13. Bf1 Qb7 14. Bg2 Qc7 15. Qc2 Ba6 16. e4 Nb6 17. Bf4 e5 18. Be3 Nc4 19. Bc5 Nd6 20. Bf1 Bb5 21. Bxd6 Bxd6 22. Bxb5 cxb5 23. Qxc7 Bxc7 24. Nc3 Bb6 25. Ke2 Rfc8 26. Rac1 Bd4 27. Nxb5 Bxb2 28. Rxc8+ Rxc8 29. Kd3 Rb8 30. Nxa7 Bxa3 31. Nc6 Re8 32. Kc4 Re6 33. Kb5 g6 34. Rd1 Kg7 35. Rd5 Rf6 36. Rd3 Bb2 37. f3 g5 38. Ne7 Bd4 39. Nf5+ Kg6 40. Kc4 Rc6+ 41. Kd5 Rc5+ 42. Kd6 Rc2 43. h4 gxh4 44. Nxh4+ Kf6 45. Nf5 Rc3 46. Rxc3 Bxc3 47. Kd5 h5 48. Kc4 Be1 49. Kd3 Kg5 50. Ke2 Bb4 51. Kf2 Bc5+ 52. Kg2 Bb4 53. Ne3 Bc5 54. Kf2 Bb4 1/2-1/2